|
|
|
|
| LEADER |
00000nab a2200000 a 4500 |
| 001 |
vtls000253294 |
| 003 |
SK-MaSNL |
| 005 |
20260304064928.0 |
| 008 |
250422c1986 xo 0 slo |
| 015 |
|
|
|a SNBRB19rr/mm-uuuuu
|
| 035 |
|
|
|a CL0263408
|
| 035 |
|
|
|a urn:nbn:sk:snk-ab6ypz
|
| 035 |
|
|
|a (uuid)b6ee518b-0bf7-4678-a398-36be808cab3a
|
| 035 |
|
|
|a (urnnbn)urn:nbn:sk:snk:ar-a06bdf
|
| 035 |
|
|
|a (sysno)vtls000253294
|
| 040 |
|
|
|a SNKBUCL
|b slo
|c SNKBUCL
|e AACR2
|
| 041 |
0 |
|
|a eng
|
| 044 |
|
|
|a xo
|c SK
|
| 080 |
|
|
|a 616-006-036.22
|2 1981
|
| 100 |
1 |
|
|a Haas, J. F.
|4 aut
|9 1353349
|
| 245 |
1 |
0 |
|a Time trends in cancer incidence in the German Democratic Republic 1968-1981
|c J. F. Haas, M. Rahu, W. Staneczek
|
| 300 |
|
|
|b Obr. 1. Tb. 1., lit. 58 zázn. v angl.
|
| 650 |
0 |
7 |
|a nádory
|z NDR
|y 1968-1981
|2 snkbucl
|9 1353350
|
| 655 |
|
7 |
|a články z novín a časopisov
|2 snkbucl
|9 267496
|
| 700 |
1 |
|
|a Rahu, M.
|4 aut
|9 1230985
|
| 700 |
1 |
|
|a Staneczek, W.
|4 aut
|9 1230984
|
| 773 |
0 |
|
|t Neoplasma
|g Roč. 33, č. 2 (1986), s. 129-139
|
| 850 |
|
|
|a Slovenská národná knižnica
|
| 852 |
|
|
|a Slovenská národná knižnica
|
| 958 |
|
|
|a article27
|
| 958 |
|
|
|a NB
|
| 958 |
|
|
|a RK
|
| 958 |
|
|
|a MI
|
| 958 |
|
|
|a OND
|
| 958 |
|
|
|a EUIPO
|
| 992 |
|
|
|a RBX
|
| 999 |
|
|
|c 2748568
|d 2750498
|